| 000 | 00450nam a2200109Ia 4500 | ||
|---|---|---|---|
| 008 | 160909s9999 xx 000 0 und d | ||
| 100 | _aHarnisch, Thomas Lee. | ||
| 245 | _aExploring the Role of Business-Led Advocacy Coalitions as a Strategy to Elevate Public Higher Education as a State Funding Priority | ||
| 260 |
_bThe George Washington University _c2016 |
||
| 650 | _aEDUC/SPED | ||
| 856 | _uhttp://pqdtopen.proquest.com/doc/1753919767.html?FMT=ABS | ||
| 999 |
_c305005 _d305005 |
||